| 000 | 01351nam a22003734a 4500 | ||
|---|---|---|---|
| 001 | ebr10019074 | ||
| 003 | CaPaEBR | ||
| 006 | m u | ||
| 007 | cr cn||||||||| | ||
| 008 | 020605s2002 enka sb 001 0 eng | ||
| 010 | _z 2002073521 | ||
| 020 | _z0521815401 (hbk.) | ||
| 020 | _z0521894530 (pbk.) | ||
| 040 |
_aCaPaEBR _cCaPaEBR |
||
| 035 | _a(OCoLC)71332820 | ||
| 050 | 1 | 4 |
_aR725.5 _b.O544 2002eb |
| 082 | 0 | 4 |
_a174/.2 _221 |
| 100 | 1 |
_aO'Neill, Onora, _d1941- |
|
| 245 | 1 | 0 |
_aAutonomy and trust in bioethics _h[electronic resource] / _cOnora O'Neill. |
| 260 |
_aCambridge ; _aNew York : _bCambridge University Press, _c2002. |
||
| 300 |
_axi, 213 p. : _bill. |
||
| 490 | 1 |
_aGifford lectures ; _v2001 |
|
| 504 | _aIncludes bibliographical references (p. 193-206) and index. | ||
| 533 |
_aElectronic reproduction. _bPalo Alto, Calif. : _cebrary, _d2013. _nAvailable via World Wide Web. _nAccess may be limited to ebrary affiliated libraries. |
||
| 650 | 0 | _aMedical ethics. | |
| 650 | 0 | _aBioethics. | |
| 650 | 0 |
_aBioethics _xPhilosophy. |
|
| 650 | 0 | _aAutonomy. | |
| 650 | 0 | _aTrust. | |
| 655 | 7 |
_aElectronic books. _2local |
|
| 710 | 2 | _aebrary, Inc. | |
| 830 | 0 |
_aGifford lectures ; _v2001. |
|
| 856 | 4 | 0 |
_uhttp://site.ebrary.com/lib/rucke/Doc?id=10019074 _zAn electronic book accessible through the World Wide Web; click to view |
| 999 |
_c9164 _d9164 |
||